000 00718nam a22001935i 4500
001 48143
003 ES-MaACL
005 20250927112230.0
007 t|
008 950706s1842 fr ||||1| fre d
040 _aCAM
_bspa
_cCAM
100 1 _aChampollion-Figeac, Jacques-Joseph,
_d1778-1867
_937932
245 1 0 _aNotice sur les manuscrits autographes de Champollion le Jeune
_b: perdus en l'année 1832 et retrouvés en 1840 /
_cpar M. Champollion Figeac.
260 _aParis :
_b[s.n.],
_c1842 (
_fTypographie de Firmin Didot Frères)
300 _a47 p., [1] h. pleg. ;
_c24 cm.
600 1 4 _aChampollion, Jean-François,
_d1790-1832
_937931
852 _aES-MaACL
_jG-11885
999 _c48143
_d48143